Normal view
MARC view
- Leisure industry
Entry Topical Term
001 - CONTROL NUMBER
- control field: 102917
003 - CONTROL NUMBER IDENTIFIER
- control field: NUST
005 - DATE AND TIME OF LATEST TRANSACTION
- control field: 20221117145050.0
008 - FIXED-LENGTH DATA ELEMENTS
- fixed length control field: 221117|| aca||aabn | a|a d
040 ## - CATALOGING SOURCE
- Original cataloging agency: NUST
- Transcribing agency: NUST
150 ## - HEADING--TOPICAL TERM
- Topical term or geographic name entry element: Leisure industry
- General subdivision: Electric equipment
670 ## - SOURCE DATA FOUND
- Source citation: Work cat.: (NUST)189386: Cadena, Richard. 102915, Electricity for the entertainment electrician & technician /, c2009.
